000 01126nam a2200481Ia 4500
001 11662
008 191123s9999 xx 000 0 und d
041 _afre
044 _afr
100 _aMartin, Henry, dir.
245 0 _aLe style Louis XVI.
260 _aParis :
_bDucher,
_c1937.
300 _a63 p.
_bilustrado
500 _aDonación del arquitecto Jorge Santas.
650 _aARQUITECTURA
650 _aCAMAS
650 _aCLODION
650 _aDECORACION DE INTERIORES
650 _aESCULTURA
650 _aESTILO LOUIS XVI
650 _aGABRIEL, ANGE JACQUES
650 _aHERRERIA
650 _aHOUDON, JEAN ANTOINE
650 _aILUMINACION
650 _aJARDINES
650 _aLE PETIT TRIANON
650 _aLOUIS, VICTOR
650 _aMOBILIARIO
650 _aMUEBLES LAQUEADOS
650 _aPAJOU, AUGUSTIN,
650 _aTAPICES
650 _aTEATROS
650 _aTHEATRE DE BORDEAUX
902 _aM
903 _am
904 _am
907 _aimpreso
911 _ailustrado
912 _a1937
942 _cLIBRO
999 _c9336
_d9336
550 _ailustrado